Catálogo de construcciones religiosas del estado de Hidalgo (Record no. 2010)
[ view plain ]
| 000 -CABECERA | |
|---|---|
| campo de control de longitud fija | 01036nam a2200241 a 4500 |
| 001 - NÚMERO DE CONTROL | |
| campo de control | BRCA_2261 |
| 005 - FECHA Y HORA DE LA ÚLTIMA TRANSACCIÓN | |
| campo de control | 20190320203732.0 |
| 008 - DATOS DE LONGITUD FIJA--INFORMACIÓN GENERAL | |
| campo de control de longitud fija | 810903s1940----mx-a---##c---#000-0#spa-# |
| 040 ## - FUENTE DE LA CATALOGACIÓN | |
| Centro catalogador/agencia de origen | DLC |
| Centro/agencia transcriptor | CarP |
| Centro/agencia modificador | DLC |
| 050 #4 - SIGNATURA TOPOGRÁFICA DE LA BIBLIOTECA DEL CONGRESO | |
| Número de clasificación | NA5256.H5 |
| Número de documento/Ítem | .C38 1940 |
| 245 10 - MENCIÓN DE TÍTULO | |
| Título | Catálogo de construcciones religiosas del estado de Hidalgo |
| Resto del título | formado por la Comisión de Inventarios de la Primera Zona 1929-1932 |
| Mención de responsabilidad, etc. | Ingeniero en jefe Luis Azcue y Mancera ; introducción de Manuel Toussaint ; recopilación de Justino Fernández. |
| 260 ## - PUBLICACIÓN, DISTRIBUCIÓN, ETC. | |
| Lugar de publicación, distribución, etc. | México |
| Nombre del editor, distribuidor, etc. | Talleres Gráficos de la Nación |
| Fecha de publicación, distribución, etc. | 1940-1942 |
| 300 ## - DESCRIPCIÓN FÍSICA | |
| Extensión | 2 v. |
| Otras características físicas | il., láminas, mapas, planos |
| Dimensiones | 35 cm. |
| 500 ## - NOTA GENERAL | |
| Nota general | Incluye índice general por municipios |
| 504 ## - NOTA DE BIBLIOGRAFÍA, ETC. | |
| Nota de bibliografía, etc. | Incluye referencias bibliográficas |
| 650 14 - PUNTO DE ACCESO ADICIONAL DE MATERIA--TÉRMINO DE MATERIA | |
| Término de materia o nombre geográfico como elemento de entrada | Iglesias |
| Subdivisión geográfica | México |
| 9 (RLIN) | 4471 |
| 650 14 - PUNTO DE ACCESO ADICIONAL DE MATERIA--TÉRMINO DE MATERIA | |
| Término de materia o nombre geográfico como elemento de entrada | Arquitectuta religiosa |
| Subdivisión geográfica | México |
| 9 (RLIN) | 6789 |
| 650 14 - PUNTO DE ACCESO ADICIONAL DE MATERIA--TÉRMINO DE MATERIA | |
| Término de materia o nombre geográfico como elemento de entrada | Arquitectura religiosa |
| Subdivisión general | Diseños y planos |
| 9 (RLIN) | 6790 |
| 700 1# - PUNTO DE ACCESO ADICIONAL--NOMBRE DE PERSONA | |
| Nombre de persona | Fernández, Justino |
| Fechas asociadas al nombre | 1904- |
| 9 (RLIN) | 6791 |
| 700 1# - PUNTO DE ACCESO ADICIONAL--NOMBRE DE PERSONA | |
| Nombre de persona | Azcue y Mancera, Luis |
| 9 (RLIN) | 6792 |
| 700 1# - PUNTO DE ACCESO ADICIONAL--NOMBRE DE PERSONA | |
| Nombre de persona | Toussaint, Manuel |
| 9 (RLIN) | 6793 |
| 942 ## - ELEMENTOS DE PUNTO DE ACCESO ADICIONAL (KOHA) | |
| Fuente del sistema de clasificación o colocación | Library of Congress Classification |
| Tipo de ítem Koha | Libros |
| Estado de retiro | Estado de pérdida | Estado dañado | No para préstamo | Localización permanente | Ubicación/localización actual | Fecha de adquisición | Total de préstamos | Signatura topográfica completa | Código de barras | Fecha visto por última vez | Precio válido a partir de | Tipo de ítem Koha | Código de colección |
|---|---|---|---|---|---|---|---|---|---|---|---|---|---|
| El ejemplar forma parte de la colección y puede ser consultado según las políticas vigentes. | Biblioteca del Museo Franz Mayer (Rogerio Casas-Alatriste) | Biblioteca del Museo Franz Mayer (Rogerio Casas-Alatriste) | 14/08/2008 | NA5256.H5 .C38 1940 | 02397 | 22/03/2019 | 22/03/2019 | Libros | |||||
| El ejemplar forma parte de la colección y puede ser consultado según las políticas vigentes. | Biblioteca del Museo Franz Mayer (Rogerio Casas-Alatriste) | Biblioteca del Museo Franz Mayer (Rogerio Casas-Alatriste) | 10/11/2010 | NA5256.H5 .C38 1940 | 02398 | 22/03/2019 | 22/03/2019 | Libros | Acervo General |